Statistics for Connecticut Towns that I-84 Passes Through

Click here to take the quiz!

General Stats

  • This quiz has been taken 15 times
  • The average score is 16 of 21

Answer Stats

Answer% Correct
Hartford
100%
Waterbury
100%
Danbury
92%
East Hartford
92%
Vernon
92%
West Hartford
92%
Southbury
83%
Union
83%
Brookfield
75%
Manchester
75%
Newtown
75%
Southington
75%
Tolland
75%
Bethel
67%
Cheshire
67%
New Britain
67%
Ashford
58%
Middlebury
58%
Plainville
58%
Willington
58%
Farmington
50%

Score Distribution

Percentile by Number Answered

Percent of People with Each Score

Your Score History

You have not taken this quiz